000 00697nam a2200289Ia 4500
005 20260324141925.0
008 008 260324s9999 xx 000 0 eng d
020 _a9780429423475
037 _aEBOOK
040 _aCRL
040 _beng
040 _cCRL
041 _2eng
041 _aeng
084 _qCRL
100 _aGeorge E.C. Paton; Chris Powell; Stephen Wagg
_91210022
245 4 _aThe Social Faces of Humour
245 0 _bPractices and Issues
260 _bTaylor and Francis
260 _c1996
365 _a
365 _b180
856 _uhttp://www.taylorfrancis.com/books/9780429423475
942 _cEBOOK
999 _c1813633
_d1813633